书目信息 |
| 题名: |
遗传密码
|
|
| 作者: | 克拉克 , Clark 著 ;钟安环 译 | |
| 分册: | ||
| 出版信息: | 北京 科学出版社 1982 |
|
| 页数: | 87页 | |
| 开本: | 19cm | |
| 丛书名: | ||
| 单 册: | ||
| 中图分类: | Q755 , Q523 | |
| 科图分类: | ||
| 主题词: | 遗传密码 , 核酸 | |
| 电子资源: | ||
| ISBN: | ||
| 000 | 00833nam0 2200313 45 | |
| 001 | 0182005406 | |
| 005 | 20061123160827.85 | |
| 010 | @dCNY0.50 | |
| 091 | @a13031.2053 | |
| 100 | @a19950524d1982 em y0chiy0121 ea | |
| 101 | 1 | @achi@ceng |
| 102 | @aCN@b110000 | |
| 105 | @ay z 000yy | |
| 106 | @ar | |
| 200 | 10 | @a遗传密码@Ayi chuan mi ma@f(英)克拉克(B.F.C.Clark)著@g钟安环译 |
| 210 | @a北京@c科学出版社@d1982 | |
| 215 | @a87页@d19cm | |
| 300 | @a书名原文:The genetic code | |
| 510 | 1 | @aThe genetic code@zeng |
| 606 | @a遗传密码 | |
| 606 | 0 | @a核酸 |
| 690 | @aQ755@v3 | |
| 690 | @aQ523@v3 | |
| 701 | 1 | @a克拉克@Ake la ke@bB.F.C.@4著 |
| 701 | A1 | @aClark@bB.F.C.@4著 |
| 702 | 0 | @a钟安环@Azhong an huan@4译 |
| 801 | 0 | @aCN@b上海图书馆@c20061123 |
| 801 | 2 | @aCN@bNLC@c20040706 |
| 905 | @dQ523@e20@b130473@f1 | |
| 遗传密码/(英)克拉克(B.F.C.Clark)著/钟安环译.-北京:科学出版社,1982 |
| 87页;19cm |
| 书名原文:The genetic code |
| ISBN :CNY0.50 |
| ● |
| 相关链接 |
|
|
|
|
正题名:遗传密码
索取号:Q523/20
 
预约/预借
| 序号 | 登录号 | 条形码 | 馆藏地/架位号 | 状态 | 备注 |
| 1 | 0130473 | 001939763 | 第三借阅区/ [索取号:Q523/20] | 在馆 | |
| 2 | 0130474 | 000076713 | 第二样本阅览室/ [索取号:Q523/20] | 在馆 |